Statistics for Army Core Values

Click here to take the quiz!

General Stats

  • This quiz has been taken 402 times
  • The average score is 4 of 7

Answer Stats

Answer % Correct
Loyalty
97%
Duty
70%
Respect
64%
Selfless Service
51%
Honor
44%
Integrity
32%
Personal Courage
22%

Score Distribution

Percentile by Number Answered

Percent of People with Each Score

Your Score History

You have not taken this quiz